000 00322nam a22001337a 4500
008 170831b xxu||||| |||| 00| 0 eng d
020 _a9780020427827
041 _aeng
080 _a070
100 _a40
101 _aMED
245 _aTHE ELEMENTS SPEECHWIRITING AND PUBLIC SPEAKING
_cCOOK.JS
942 _2udc
_cBK
999 _c25874
_d25874